Eurovision Winners (Extreme) - Statistics

General Stats
  • This quiz has been taken 788 times
    99 since last reset
  • The average score is 120 of 216
Answer Stats
Hint Answer % Correct
2025 Austria
92%
2024 Switzerland
90%
2023 Sweden
89%
2021 Italy
87%
2024 Nemo
87%
2024 The Code
87%
2011 Azerbaijan
85%
2025 JJ
85%
2023 Loreen
85%
2019 Netherlands
85%
2009 Norway
85%
2008 Russia
85%
2015 Sweden
85%
1956 Switzerland
85%
2022 Ukraine
85%
2019 Arcade
84%
2013 Denmark
84%
2009 Fairytale
84%
2017 Portugal
84%
2012 Sweden
84%
2023 Tattoo
84%
2014 Austria
82%
2006 Finland
82%
2010 Germany
82%
2015 Heroes
82%
2018 Israel
82%
2012 Loreen
82%
2021 Måneskin
82%
2007 Serbia
82%
2016 Ukraine
82%
2025 Wasted Love
82%
2000 Denmark
80%
2012 Euphoria
80%
2005 Greece
80%
2013 Only Teardrops
80%
2022 Stefania
80%
2018 Toy
80%
2001 Estonia
79%
2002 Latvia
79%
2006 Lordi
79%
2018 Netta
79%
2014 Rise Like a Phoenix
79%
2010 Satellite
79%
2021 Zitti e buoni
79%
2016 1944
77%
2009 Alexander Rybak
77%
2014 Conchita Wurst
77%
2010 Lena
77%
2003 Turkey
77%
2004 Ukraine
77%
2008 Believe
75%
2000 Fly on the Wings of Love
74%
2007 Molitva
74%
2006 Hard Rock Hallelujah
72%
1992 Ireland
72%
2005 My Number One
72%
2011 Running Scared
72%
1974 ABBA
70%
1993 Ireland
70%
1994 Ireland
70%
2016 Jamala
70%
2022 Kalush Orchestra
70%
1957 Netherlands
70%
2004 Ruslana
70%
1974 Sweden
70%
1999 Sweden
70%
1974 Waterloo
70%
2004 Wild Dances
70%
2019 Duncan Laurence
69%
1958 France
69%
1987 Ireland
69%
2000 Olsen Brothers
69%
1998 Israel
67%
1969 Spain
67%
1996 Ireland
66%
1969 Netherlands
66%
2017 Salvador Sobral
66%
1988 Switzerland
66%
2001 Everybody
64%
2003 Everyway That I Can
64%
1969 France
64%
2005 Helena Paparizou
64%
1987 Johnny Logan
64%
1997 United Kingdom
64%
1988 Céline Dion
62%
1990 Italy
62%
2002 I Wanna
62%
2015 Måns Zelmerlöw
62%
1995 Norway
62%
1956 Refrain
62%
1989 Yugoslavia
62%
1998 Diva
61%
2013 Emmelie de Forest
61%
1960 France
61%
1980 Ireland
61%
1991 Sweden
61%
1969 United Kingdom
61%
1986 Belgium
59%
2008 Dima Bilan
59%
1959 Netherlands
59%
1968 Spain
59%
1982 Germany
57%
1987 Hold Me Now
57%
1998 Dana International
56%
1995 Nocturne
56%
1984 Sweden
56%
1999 Take Me to Your Heaven
56%
2017 Amar pelos dois
54%
1963 Denmark
54%
1978 Israel
54%
1980 Johnny Logan
54%
1961 Luxembourg
54%
1956 Lys Assia
54%
1971 Monaco
54%
1975 Netherlands
54%
1989 Rock Me
54%
1976 United Kingdom
54%
1979 Israel
52%
1965 Luxembourg
52%
1972 Luxembourg
52%
1973 Luxembourg
52%
1996 The Voice
52%
1981 United Kingdom
52%
1962 France
51%
1964 Italy
51%
1968 La, la, la
51%
2002 Marie N
51%
1985 Norway
51%
1986 Sandra Kim
51%
1967 United Kingdom
51%
1980 What's Another Year?
51%
1991 Carola
49%
2011 Ell & Nikki
49%
1986 J'aime la vie
49%
1997 Love Shine a Light
49%
1983 Luxembourg
49%
1966 Austria
48%
1977 France
48%
1997 Katrina & the Waves
48%
1970 Ireland
46%
1967 Puppet on a String
46%
1989 Riva
46%
1990 Insieme: 1992
44%
1994 Rock 'n' Roll Kids
44%
1993 In Your Eyes
43%
1981 Making Your Mind Up
43%
1988 Ne partez pas sans moi
43%
1995 Secret Garden
43%
2003 Sertab Erener
43%
1976 Brotherhood of Man
41%
1969 De troubadour
41%
1975 Ding-a-dong
41%
1979 Hallelujah
41%
1969 Lulu
41%
1968 Massiel
41%
1976 Save Your Kisses for Me
41%
1975 Teach-In
39%
1978 A-Ba-Ni-Bi
38%
1969 Boom Bang-a-Bang
38%
1957 Corry Brokken
38%
1982 Ein bißchen Frieden
38%
1982 Nicole
38%
1969 Vivo cantando
38%
1970 All Kinds of Everything
36%
1985 Bobbysocks!
36%
1981 Bucks Fizz
36%
1970 Dana
36%
1963 Dansevise
36%
1984 Diggi-Loo Diggi-Ley
36%
1991 Fångad av en stormvind
36%
1984 Herreys
36%
1985 La det swinge
36%
1969 Salomé
36%
1971 Un banc, un arbre, une rue
36%
1992 Why Me?
36%
1992 Linda Martin
34%
2007 Marija Šerifović
34%
1959 'n Beetje
34%
1967 Sandie Shaw
34%
1990 Toto Cutugno
34%
1999 Charlotte Nilsson
33%
1996 Eimear Quinn
33%
1977 L'oiseau et l'enfant
33%
1979 Milk and Honey
33%
1957 Net als toen
33%
1964 Non ho l'età
33%
1971 Séverine
33%
1958 Dors, mon amour
31%
1965 France Gall
31%
1966 Merci, Chérie
31%
1993 Niamh Kavanagh
31%
1969 Un jour, un enfant
31%
1969 Lenny Kuhr
30%
1977 Marie Myriam
30%
1983 Si la vie est cadeau
30%
1966 Udo Jürgens
30%
1972 Vicky Leandros
30%
1972 Après toi
28%
1965 Poupée de cire, poupée de son
28%
1960 Tom Pillibi
28%
1973 Tu te reconnaîtras
28%
1962 Un premier amour
28%
1973 Anne-Marie David
26%
1961 Nous les amoureux
26%
1983 Corinne Hermès
25%
1964 Gigliola Cinquetti
25%
2001 Tanel Padar, Dave Benton & 2XL
25%
1969 Frida Boccara
21%
1962 Isabelle Aubret
21%
1960 Jacqueline Boyer
21%
1959 Teddy Scholten
21%
1958 André Claveau
20%
1961 Jean-Claude Pascal
20%
1963 Grethe & Jørgen Ingmann
15%
1978 Izhar Cohen & the Alphabeta
15%
1994 Paul Harrington & Charlie McGettigan
13%
No matching quizzes found
Score Distribution
Percent of People with Each Score
Percentile by Number Answered
Your Score History
You have not taken this quiz since the last reset